Svět jakosti

Salvato in:
Dettagli Bibliografici
Natura: Periodico
Lingua:ceco
Pubblicazione: České Budějovice Bartoň - QSV Quality Service 2001
Soggetti:
Tags: Aggiungi Tag
Nessun Tag, puoi essere il primo ad aggiungerne!!

MARC

LEADER 00000nas2a22000001 4500
001 0007322
005 20160720112017.4
022 |a 1211-2011 
041 0 |a cze 
044 |a CZ 
245 1 0 |a Svět jakosti 
264 1 |a České Budějovice  |b Bartoň - QSV Quality Service  |c 2001 
300 |a 1 zv. 
773 0 |w eu_un_cat*s120029 
610 2 0 |a kvalita 
610 2 0 |a riadenie kvality